Física 2 /
Guardado en:
| Autor Principal: | |
|---|---|
| Otros Autores: | |
| Formato: | Libro |
| Publicado: |
Argentina :
Kapelusz,
2006
|
| Edición: | 9a. ed. |
| Materias: | |
| Etiquetas: |
Agregar Etiqueta
Sin Etiquetas, Sea el primero en etiquetar este registro!
|
| LEADER | 01532nam a22004215a 4500 | ||
|---|---|---|---|
| 001 | CEM.cems017092 | ||
| 005 | 20090828163019.0 | ||
| 008 | 130507s2006##################000#0#####d | ||
| 003 | CEMS | ||
| 020 | |a 9501320855 | ||
| 082 | 0 | 4 | |a 530 |
| 100 | 1 | |a Maiztegui, Alberto P. | |
| 245 | 1 | 0 | |a Física 2 / |c Alberto P. Maiztegui, Jorge Sábato |
| 250 | |a 9a. ed. | ||
| 260 | |a Argentina : |b Kapelusz, |c 2006 | ||
| 300 | |a 359 p. | ||
| 500 | |a Para 2do. año nivel secundario | ||
| 505 | 0 | |a La velocidad de la luz -- Fotometría -- La reflexión de la luz -- La refracción de la luz -- Las lentes -- Óptica -- Las ondas -- Sonido, luz y color -- La naturaleza ondulatoria de la luz... | |
| 653 | |a Física | ||
| 653 | |a Magnteismo | ||
| 653 | |a Electricidad | ||
| 653 | |a Corriente eléctrica | ||
| 653 | |a Fuerza electromotriz | ||
| 653 | |a La ley de ohm | ||
| 653 | |a Calor eléctrico | ||
| 653 | |a Electroquímica | ||
| 653 | |a Acumuladores | ||
| 653 | |a Inducción en electromagnética | ||
| 653 | |a Corriente alterna | ||
| 653 | |a Electrón | ||
| 653 | |a Átomo | ||
| 653 | |a Energía nuclear | ||
| 700 | 1 | |a Sábato, Jorge | |
| 859 | |a CEMS |b BIB. CEMS - Agricultura |h 530 |i M287a9 |p A0767.08 |t Ej.1 |v 2 |3 2 | ||
| 859 | |a CEMS |b BIB. CEMS - Agricultura |h 530 |i M287a9 |p A0768.08 |t Ej.2 |v 2 |3 2 | ||
| 859 | |a CEMS |b BIB. CEMS - Agricultura |h 530 |i M287a9 |p A0769.08 |t Ej.3 |v 2 |3 2 | ||
| 859 | |a CEMS |b BIB. CEMS - Agricultura |h 530 |i M287a9 |p A0770.08 |t Ej.4 |v 2 |3 2 | ||
| 859 | |a CEMS |b BIB. CEMS - Agricultura |h 530 |i M287a9 |p A0771.08 |t Ej.5 |v 2 |3 2 | ||
